000 00566nam a22001937a 4500
999 _c6156
_d6156
003 AR-CdUCM
008 190313b ||||| |||| 00| 0 spa d
040 _aMUNICIPALIDAD PROVINCIAL DEL CUSCO
_cBIBLIOTECA MUNICIPAL DEL CUSCO
082 _a868.517 /
_bM43
100 _aMercadO, Guillermo
_9952
245 _aEl hombre de mi canción :
_bpoemas /
260 _aArequipa :
_bColmena,
_c1951.
300 _a109 páginas ;
_c22 cm.
500 _aDonación de la familia Nieto.
505 _aPoemas.
650 _aPoesía.
_9139
942 _2ddc
_cLIBROS
945 _awfj